00963nam a2200169 a 4500008004100000050001600041100002100057245007200078260004200150300001400192350000900206995014700215995013300362999001700495952014700512952013400659120416s1967 ||||||||||||||||| || u aDT 8778 Mul aMulford, David C10aZambia: the politics of independence 1957-1964cBy David C. Mulford aLondonbOxford University Pressc1967 aix, 362p. a0.00 aMAIN LIBRARY OPEN ACCESSD0.00e018957FCBU-MAIN LIBRARY (Kitwe)H1I3.75jDT 8778 MulUAVAILABLEy018957ZMain Library Open Access Collection aSPECIAL COLLECTIONSD0.00e715623FCBU-MAIN LIBRARY (Kitwe)H2I3.75jZAM DT 8778 MulM2UAVAILABLEy018642ZZambiana Collection c83415d83415 00102lcc4070a001b001cMain Library Open Access Collectiond2023-10-30l2oDT 8778 Mulp018957r2025-09-02s2025-04-23t1w2023-10-30y002 00102lcc4070a001b001cZambiana Collectiond2023-10-30l2m3oDT 8778 Mulp018642r2024-04-16s2024-02-06t2w2023-10-30y023